Respiračný metabolizmus počas magnéziovej narkózy

Bibliographic Details
Main Authors: Antal, Juraj, 1912-1996 (Author), Cicvárek, Zdenko, 1921-1976 (Author)
Format: Article
Language:Slovak

MARC

LEADER 00000nab a2200000ua 4500
001 vtls010782315
005 20260412180803.0
008 230214s1948 xo |||||||||||||||||slo|
035 |a (urnnbn)urn:nbn:sk:snk:ar-a03k6v 
035 |a (uuid)3c048e70-c697-4c3a-9103-9bac807a54ff 
035 |a urn:nbn:sk:snk-ab5bnf 
040 |a SNKBUCL  |b slo  |c SNKBUCL  |e AACR2 
041 0 |a slo 
044 |a xo  |c SK 
100 |a Antal, Juraj,  |d 1912-1996  |4 aut  |9 101399 
245 1 0 |a Respiračný metabolizmus počas magnéziovej narkózy  |c J. Antal, Zd. Cicvárek 
700 1 |a Cicvárek, Zdenko,  |d 1921-1976  |4 aut  |9 117315 
773 0 |t Bratislavské lekárske listy  |g Roč. 28, č. 1 (1948), s. [1]-12 
954 |a odborná, vedecká literatúra pôvodná (slovenská)  |2 lita 
958 |a OND 
958 |a EUIPO 
958 |a article3 
999 |c 1926921  |d 1928851